Statistiques concernant Anagramme film

Cliquez ici pour prendre le quiz!

Statistiques générales

  • Ce quiz a été pris 73 fois
  • Le résultat moyen est 8 sur 19

Statistiques - réponses

lettresnombre
de mots
films% Correct
saarrtws2Star Wars
77%
ysllu1Sully
73%
oenl1Leon
67%
dseelxnnueaareusgnei4Le Seigneur des Anneaux
63%
lackbwwdoi2Black Widow
61%
ffaasnsdtuurio3Fast and Furious
58%
ucla1Luca
58%
clyu1Lucy
56%
elmonednoemed4Le Monde de Nemo
50%
lnaum1Mulan
48%
rypttoharre2Harry Potter
47%
nnmaoir2Iron Man
44%
iicnvodcdae3Da Vinci Code
30%
veesganr1Avengers
28%
nncantoe1Encanto
28%
llidonrcne1Cendrillon
22%
llitteensarr1Interstellar
20%
mrasec1Scream
9%
yrrcudecmoe2Code Mercury
5%

Distribution des résultats

Percentile par nombre de réponses

% des personnes avec chaque résultat

Votre développement - résultats

Vous n’avez pas pris ce quiz